Un mot français ou anglais... ? - Statistiques

Statistiques générales
  • Ce quiz a été pris 18 245 fois
  • Le résultat moyen est 11 sur 20
Statistiques - réponses
Question Réponse % Correct
Concept Les deux
77%
Abricot Français
76%
Exercise Anglais
75%
Direct Les deux
72%
Session Les deux
70%
Film Les deux
70%
Comfort Anglais
63%
Girafe Français
60%
Correspondence Anglais
59%
Negotiable Anglais
58%
Bagage Français
58%
Coton Français
57%
Language Anglais
55%
Hazard Anglais
52%
Marriage Anglais
45%
Connexion Français
45%
Sublime Les deux
36%
Recommandation Français
31%
Trafic Français
30%
Agressive Français
27%
Aucun quiz correspondant
Distribution des résultats
% des personnes avec chaque résultat
Percentile par nombre de réponses
Votre historique - résultats
Vous n’avez pas pris ce quiz